Normal view
MARC view
Entry Personal Name
001 - CONTROL NUMBER
- control field: 1237372
003 - CONTROL NUMBER IDENTIFIER
- control field: OSt
005 - DATE AND TIME OF LATEST TRANSACTION
- control field: 20260430150408.0
008 - FIXED-LENGTH DATA ELEMENTS
- fixed length control field: 260430|| aca||aabn | a|a d
040 ## - CATALOGING SOURCE
- Original cataloging agency: OSt
- Transcribing agency: OSt
100 ## - HEADING--PERSONAL NAME
- Personal name: University of Delhi. Faculty of Medical Sciences. Deptt. of Biomedical Research
670 ## - SOURCE DATA FOUND
- Source citation: Work cat.: (OSt)1849680: Agrawal Nishtha Au.; Singh Sunit K. Gu.; Dhawan Gagan Gu.; Khanna Madhu Gu. 1237371, Modulating Host Signalling Cascade: Potential Antiviral Tool Against Chikungunya Virus, 2023
